Responses for show #6190 - Friday, July 8, 2011

2011 Kids Week game 5.

Contestants

Dominic Olivera, a twelve-year-old from Bristow, Virginia

Maddie Harrington, a twelve-year-old from Palm Beach Gardens, Florida

Tony Harkin, an eleven-year-old from New Milford, Connecticut

Jeopardy! Round responses

WASHINGTON
THE OBJECT OF THE HASBRO GAME
QUOTATIONS IN LITERATURE
SLICED FRUIT
WEBSITES
RECESS
    $200 26
apples

Tony
    $200 1
Monopoly

Tony
    $200 11
Peter Pan

Tony
    $200 6
watermelon

Maddie
    $200 13
Teachers

Tony
    $200 21
a jungle gym

Maddie
    $400 27
Seattle

Dominic
    $400 2
Battleship

Maddie
    $400 12
(Alex: And that story was [*]. It was very uncomfortable.)

"The Princess and the Pea"

Triple Stumper
    $400 7
peaches

Tony
    $400 14
a sticker

Dominic
    $400 22
a time-out

Dominic
    $600 28
the Huskies

Triple Stumper
    $600 3
Risk

Tony
    $600 15
Treasure Island

Tony
    $600 8
kiwi

Maddie
    $600 16
Sports Illustrated

Tony
    $600 23
a teeter-totter

Tony
    $800 29
Oregon

Tony
    $800 4
Clue

Maddie
    $1,000 19
(Alex: [*], yes, The Wizard of Oz.)

Dorothy

Tony
    $800 9
pomegranate

Tony
    $800 17
endangered species

Triple Stumper
    $800 24
an intermission

Tony
    $1000 30
a pass

Tony
    $1000 5
Life

Dominic
    $1000 20
Meg

Tony
    $1000 10
mango

Maddie
    $1000 18
origami

Tony
    $1000 25
(Dominic: What is a Sabbath?)

a holiday

Dominic
Triple Stumper

Scores at the first commercial break (after clue 15):

Tony Maddie Dominic
$3,000 $3,000 $1,400

Scores at the end of the Jeopardy! Round:

Tony Maddie Dominic
$10,000 $3,200 $1,200

Double Jeopardy! Round responses

WASHING DONE
MUSICAL GALS
I NEED SOME SPACE
CUTE & CUDDLY
NAME THE YEAR
3-LETTER VERBS
    $400 26
a sock

Dominic
    $400 4
an exclamation point

Tony
    $400 20
asteroid

Dominic
    $400 12
bear

Dominic
    $400 9
2008

Dominic
    $400 1
fib

Dominic
    $800 27
a $5 bill

Dominic
    $800 5
Hearts

Tony
    $800 22
the International Space Station

Tony
    $800 16
Sonic

Tony
    $800 13
1620

Triple Stumper
    $800 2
jot

Triple Stumper
    $1200 28
the oil

Dominic
    $1200 6
Selena Gomez

Tony
    $1200 23
a blue moon

Tony
    $1200 17
(Maddie: What is the Soccer Cup?)

the World Cup

TonyMaddie
    $4,000 14
1861

Dominic
    $1200 3
ace

Tony
    $1600 29
sequins

Tony
    $1600 7
Leighton Meester

Triple Stumper
    $5,000 24
(Tony: What is a... don't know.)

a capsule

Tony
    $1600 18
a Pillow Pet

Tony
    $1600 15
1969

Tony
    $1600 10
fax

Dominic
    $2000 30
Quiksilver

Triple Stumper
    $2000 8
Nicki Minaj

Triple Stumper
    $2000 25
European

Dominic
    $2000 19
an otter

Tony
    $2000 21
(Dominic: What is 1949?)
(Maddie: What is 1952?)
(Alex: No.)
(Maddie: [Under her breath] Crap.)
(Alex: [Laughs] What is [*]? Yeah, I get upset too, Maddie. Believe me. Same reaction.)

1959

MaddieDominic
Triple Stumper
    $2000 11
box

Tony

Scores at the end of the Double Jeopardy! Round:

Tony Maddie Dominic
$21,400 $0 $10,800

[wagering suggestions for these scores]

Final Jeopardy! Round responses

THE OLYMPICS
DominicWho is Michael Phelps
$10,799
TonyWho Michael Phelps
$201
Michael Phelps

Final scores:

Tony Maddie Dominic
$21,601 $0 $21,599
Winner: $21,601 3rd place: $1,000 2nd place: $2,000

Game dynamics:

Coryat scores:

Tony Maddie Dominic
$26,200 $0 $8,000
29 R
(including 1 DD),
1 W
(including 1 DD)
6 R,
2 W
14 R
(including 1 DD),
2 W

Combined Coryat: $34,200

The J! Archive is created by fans, for fans. The Jeopardy! game show and all elements thereof, including but not limited to copyright and trademark thereto, are the property of Jeopardy Productions, Inc. and are protected under law. This website is not affiliated with, sponsored by, or operated by Jeopardy Productions, Inc. Join the discussion at JBoard.tv.